Countries population round up - Statistics

General Stats
  • This quiz has been taken 14 times
  • The average score is 29 of 35
Answer Stats
Country Answer % Correct
Portugal 10
100%
Belgium 12
100%
Ireland 5
100%
New Zealand 5
100%
Denmark 6
100%
Egypt 101
92%
Netherlands 17
92%
Chile 18
92%
Australia 25
92%
Canada 37
92%
Poland 38
92%
Argentina 45
92%
Spain 46
92%
Colombia 50
92%
Germany 82
92%
Turkey 83
92%
Austria 9
92%
Israel 9
92%
Ethiopia 110
85%
Japan 127
85%
Russia 144
85%
South Korea 51
85%
Italy 59
85%
France 65
85%
United Kingdom 67
85%
Thailand 69
85%
Vietnam 97
85%
Mexico 132
77%
United States 329
77%
South Africa 58
77%
Bangladesh 168
69%
Nigeria 201
62%
Brazil 212
62%
India 1369
31%
China 1420
23%
No matching quizzes found
Score Distribution
Percent of People with Each Score
Percentile by Number Answered
Your Score History
You have not taken this quiz